Junta de Gobierno : Caja de Ahorros de la Provincia de Barcelona : fundada en 17 de marzo de 1844 Caja de Ahorros de la Provincia de Barcelona :
Descripción Física:
4 p. ; 35 cm
MARC
| LEADER | 00000nam a2200000Ia 4500 | ||
|---|---|---|---|
| 001 | 23553 | ||
| 008 | 160829s1872 xx 000 0 cat d | ||
| 080 | |a RF-17-33 | ||
| 110 | 2 | |a Caja de Ahorros Provincial de la Diputación de Barcelona |9 53091 | |
| 245 | |a Junta de Gobierno : |b Caja de Ahorros de la Provincia de Barcelona : |b fundada en 17 de marzo de 1844 | ||
| 260 | |a Barcelona : |b [s.n.], |c 1872 | ||
| 300 | |a 4 p. ; |c 35 cm | ||
| 590 | |a 2 exemplars (12 de març de 1872). | ||
| 590 | |a Hi ha dos duplicats a: DUP-73-53. | ||
| 590 | |a Prové de 4653. | ||
| 650 | |a Caja de Ahorros de la Provincia de Barcelona | ||
| 856 | 4 | |u https://media.diba.cat/diba/fitxers/arxiu/fulletons/bib_23553_1872_baixa.pdf |y Accés lliure | |
| 856 | 4 | |u https://media.diba.cat/diba/fitxers/arxiu/fulletons/bib_23553_1872_baixa.pdf |y Accés lliure | |
| 901 | |a Arxiu | ||
| 942 | |n 1 |2 udc | ||
| 952 | |0 0 |1 0 |4 0 |6 RF1733 |7 1 |9 54998 |a Arxiu |b Arxiu |d 2012-08-07 |l 0 |o RF-17-33 |p 23553 |r 2016-12-01 00:00:00 |w 2016-12-01 |y ARXIU | ||
| 999 | |c 58868 |d 58868 | ||
| 900 | |a bib_23553_1872_baixa.pdf | ||